000 00575nam a2200181 i 4500
001 100650
003 ES-MaACL
005 20230906182721.0
007 t|
008 051004s1972 sp ||||1| cat d
100 1 _aMatheu, Roser.
_979025
245 1 0 _aQuatre dones catalanes /
_cRoser Matheu.
260 _aBarcelona :
_bFundació Salvador Vives Casajuana,
_c1972.
300 _a199 p., 4 lám. ;
_c24 cm.
500 _aAccessit al premi Condopcio Alemany i Vall. 1972.
710 0 0 _aFundación Salvador Vives Casajuana.
_94411
852 _aES-MaACL
_jC-48767
_bR.84258
999 _c100650
_d100650